[Event "Linares"]
[Site "12"]
[Date "1994.??.??"]
[Round "10"]
[White "Kramnik, Vladimir"]
[Black "Kasparov, Gary"]
[Result "1-0"]
[WhiteElo "2710"]
[BlackElo "2805"]
[Annotator "JvR"]
[PlyCount "79"]
[EventDate "1994.??.??"]

1. Nf3 Nf6 2. c4 g6 3. Nc3 Bg7 4. e4 d6 5. d4 O-O 6. Be2 e5 7. d5 Nbd7 8. Bg5
h6 9. Bh4 g5 10. Bg3 Nh5 11. h4 g4 12. Nh2 Nxg3 13. fxg3 h5 14. O-O f5 $5 15.
exf5 Nc5 16. b4 $5 {Vladimir seeks the confrontation.} e4 $5 17. Rc1 Nd3 $5 {
Gary gives a proper answer.} 18. Bxd3 exd3 19. f6 $1 ({Avoids} 19. Qxd3 $6 Qf6
$1) 19... Rxf6 20. Qxd3 Qf8 21. Nb5 $5 ({Less ambition shows} 21. Ne4) 21...
Bf5 22. Rxf5 $1 Rxf5 23. Nxc7 Rc8 24. Ne6 Qf6 25. Nf1 ({White wins pawns in} 
25. Rf1 Rf8 $3 26. Nxf8 Qd4+ 27. Qxd4 Bxd4+ 28. Kh1 Rxf1+ 29. Nxf1 Kxf8 {but
his king becomes caged (Kramnik).}) 25... Re5 26. Rd1 $5 Qf5 27. Qxf5 Rxf5 28.
c5 Bf8 ({Not} 28... dxc5 $6 29. d6 $1) 29. Ne3 Rf6 30. Nc4 $5 dxc5 31. b5 $1
Bh6 $2 ({He forces a draw by} 31... Re8 32. Re1 Rf5 33. Rd1 Rf6 $1 {(Kramnik).}
) 32. Re1 $1 Re8 33. Re5 Re7 34. Rxh5 Ref7 35. Kh2 $1 ({Black survives in} 35.
Ne5 c4 $1 36. Nxf7 Kxf7 37. Kh2 c3 38. Nd4 Be3 $1 39. Nc2 Bb6) 35... Bc1 $1 36.
Re5 (36. Nxc5 Rf1 $1 37. Ne4 Rd1 38. Nc3 Rd3 $1 39. Ne5 Rxc3 40. Nxf7 Kxf7 {
results in a defendable position for Black.}) 36... Rf1 37. Re4 Rd1 38. Rxg4+ {
Both sides play for mate!} Kh7 $4 {Kasparov blunders in time trouble.} ({
Various annotators find} 38... Kh8 39. Ne5 (39. Re4 Rxd5) 39... Rff1 40. Ng6+
Kh7 41. Ngf8+ Kh8 $1) 39. Ne5 Re7 (39... Rff1 40. Rg7+ {(the blunder allowed
this move)} Kh6 41. Ng4+ Kh5 42. Nf6+ $1 Rxf6 43. g4+ Kh6 44. g5+ Kh5 45. gxf6)
40. Nf8+ {White delivers mate in three.  Standings after ten rounds: Karpov 8
1/2, Kasparov 7 and Shirov 6. Gary loses the race for the first place and
Alexei catches up.} 1-0

[Event "Linares"]
[Site "12"]
[Date "1994.??.??"]
[Round "11"]
[White "Karpov, Anatoly"]
[Black "Kramnik, Vladimir"]
[Result "1-0"]
[WhiteElo "2740"]
[BlackElo "2710"]
[Annotator "JvR"]
[PlyCount "79"]
[EventDate "1994.??.??"]

1. d4 d5 2. c4 c6 3. Nf3 Nf6 4. Nc3 e6 5. e3 Nbd7 6. Bd3 dxc4 7. Bxc4 b5 8. Bd3
a6 9. e4 c5 10. d5 c4 11. dxe6 fxe6 12. Bc2 Bb7 13. O-O Qc7 14. Ng5 Nc5 15. e5
Qxe5 16. Re1 Qd6 17. Qxd6 Bxd6 18. Be3 $5 {Karpov diverts from the routine
exchange on e6.} O-O ({Black equalises easier by} 18... Nd3 $1 19. Bxd3 cxd3
20. Rad1 O-O 21. Rxd3 Bd5 22. Nxe6 Bxh2+ 23. Kxh2 Bxe6 {(Kramnik-Kuczynski,
Bundesliga 1994).}) 19. Rad1 Be7 20. Bxc5 Bxc5 21. Nxe6 Rfc8 22. h3 $1 Bf8 23.
g4 h6 24. f4 Bf3 25. Rd2 Bc6 26. g5 hxg5 27. fxg5 Nd7 28. Nxf8 $1 Nxf8 29. Rd6
{Karpov has changed the kind of restriction.} b4 30. Ne4 {White pressures on
the kingside.} Be8 $6 ({Karpov prefers} 30... Bd7 31. h4 Rc6) ({Even better
seems to be} 30... Bb5 $1 31. h4 Re8 {The pointe is} 32. h5 Ne6 $1 33. Nf6+
gxf6 34. Rexe6 Rxe6 35. Rxe6 fxg5) 31. Ng3 Rd8 32. Nf5 Rxd6 33. Nxd6 Bg6 $2 (
33... Bd7 $1 34. h4 Be6 35. Re4 b3 {offers active resistance.}) 34. Bxg6 Nxg6
35. Nxc4 Rd8 36. Re4 b3 $5 37. axb3 Rd3 38. Kg2 $1 Rxb3 39. h4 Nf8 $5 40. Re8
$1 {The flag falls.} ({Kramnik worries about} 40. Re8 Kf7 41. Nd6+ Kg8 {A
beleaguerment is started by} 42. g6 Rxb2+ 43. Kf3) 1-0

[Event "Linares"]
[Site "12"]
[Date "1994.??.??"]
[Round "11"]
[White "Kasparov, Gary"]
[Black "Anand, Viswanathan"]
[Result "1-0"]
[WhiteElo "2805"]
[BlackElo "2715"]
[Annotator "JvR"]
[PlyCount "69"]
[EventDate "1994.??.??"]

1. e4 c5 2. Nc3 d6 3. Nge2 Nc6 4. d4 cxd4 5. Nxd4 Nf6 6. Bc4 Qb6 7. Nb3 e6 8.
Bf4 Ne5 9. Be2 Be7 10. Be3 Qc7 11. f4 Nc6 $5 12. Bf3 a6 13. O-O O-O 14. a4 b6
15. g4 $1 Rb8 ({More useful is} 15... Bb7 $1) 16. g5 Nd7 17. Bg2 Re8 18. Rf3
Nc5 $2 {Anand loses the game due to an unfit standerd move.} (18... Bb7 $1 19.
Rh3 Nf8 $1 {defends appropriately.}) 19. Rh3 g6 20. Qg4 Nb4 $2 ({Kasparov
suggests the desperate} 20... h5 $1) 21. Qh4 h5 22. Bf3 $1 Bf8 23. Bxh5 gxh5 ({
White wins in} 23... Bg7 $5 24. Bd4 $1 e5 25. f5 $3 exd4 26. Bxg6 fxg6 27. Qh7+
Kf8 28. Rf1 $3 gxf5 29. exf5 Re1 $5 30. Rxe1 dxc3 31. Rhe3 {(Kasparov).}) 24.
Qxh5 Bg7 25. Bd4 e5 26. f5 $1 {Matter is immaterial in the attack.} Nxe4 $6 ({
Right is} 26... Kf8 27. Qh7 Nd7 28. Be3 f6 29. g6 Qc4 30. Nd5 $1 Nxd5 31. Bh6
Ke7 $1 32. Bxg7 Bb7 {The counter-play is hard to judge. Chess is too difficult
for Man.}) 27. Qh7+ Kf8 28. Nxe4 Bxf5 29. Qxf5 exd4 30. Nf6 Qxc2 31. Nxd4 Qxb2
32. Rd1 Re5 33. Nd7+ Ke7 34. Nxe5 Bxe5 35. Qe4 $1 1-0

[Event "Linares"]
[Site "12"]
[Date "1994.??.??"]
[Round "11"]
[White "Shirov, Alexei"]
[Black "Kamsky, Gata"]
[Result "1-0"]
[WhiteElo "2705"]
[BlackElo "2695"]
[Annotator "JvR"]
[PlyCount "107"]
[EventDate "1994.??.??"]

1. e4 c5 2. Nf3 e6 3. d4 cxd4 4. Nxd4 a6 5. Nc3 d6 6. Be3 b5 7. a4 b4 8. Na2
Nf6 9. Nxb4 Bb7 10. Bd3 d5 11. c3 Nxe4 12. Bxe4 dxe4 13. Qh5 Qc8 14. O-O Be7
15. Bg5 Bxg5 16. Qxg5 O-O 17. Rad1 Nd7 18. a5 h6 19. Qg3 Nf6 20. Nbc2 Rb8 21.
Rc1 Bd5 22. b4 Bc4 23. Rfd1 Nd5 24. Ne3 Nxe3 25. fxe3 Rd8 26. Qe5 Qb7 27. Nc2
Bd3 28. Nd4 Rd5 29. Qg3 Rc8 30. Nb3 Rc6 31. Nc5 Rcxc5 32. bxc5 Rxc5 33. c4 Rg5
34. Qe1 Qc7 35. c5 Rxc5 36. Rxc5 Qxc5 37. Rc1 Qg5 38. h4 Qe5 39. Qc3 Qg3 40.
Qe1 Qg4 41. Rc5 Kh7 42. Kh2 g5 43. hxg5 hxg5 44. Rc8 Kg6 45. Rh8 f6 46. Qc1 Qe2
47. Qc7 Kf5 48. Qh7+ Ke5 49. Qa7 Kf5 50. Rh6 {This position requires accurate
calculation.} Qf2 $4 ({Annotators find by means of Fritz} 50... Kg4 $1 51. Qb6
Qf2 52. Qxe6+ f5 53. Qd6 Qxe3 54. Rh3 Qf4+ 55. Rg3+ Kh5 56. Qe7 g4 {drawn.})
51. Kh3 g4+ 52. Kh2 $1 g3+ 53. Kh3 Qe2 54. Qg7 {The super trio won three games.
} 1-0

[Event "Linares"]
[Site "12"]
[Date "1994.??.??"]
[Round "12"]
[White "Kramnik, Vladimir"]
[Black "Shirov, Alexei"]
[Result "0-1"]
[WhiteElo "2710"]
[BlackElo "2705"]
[Annotator "JvR"]
[PlyCount "86"]
[EventDate "1994.??.??"]

1. Nf3 d5 2. d4 Bf5 3. c4 e6 4. Nc3 c6 5. Qb3 Qb6 6. c5 Qc7 7. Bf4 Qc8 8. e3
Nf6 9. Qa4 $5 Nbd7 10. b4 a6 11. h3 Be7 12. Qb3 O-O 13. Be2 Be4 $5 {Black
starts with the preparations of ..e5.} 14. O-O Bxf3 15. Bxf3 Bd8 16. a4 Bc7 17.
Bg5 h6 18. Bxf6 Nxf6 19. b5 e5 $6 (19... Ba5 $1 {avoids the detention of
bishop and rook.}) 20. b6 Bb8 21. a5 exd4 $6 22. exd4 Bf4 23. Qc2 Qd7 24. g3
Qxh3 25. Bg2 Qh5 26. gxf4 Ng4 27. Rfd1 Rae8 28. Rd3 Qh2+ 29. Kf1 f5 30. Qd2 Rf6
31. f3 Re4 $3 {A super 'Schwindel' begins.} 32. Nxd5 $5 {Kramnik chooses the
elegant win.} cxd5 33. c6 Rxf4 $1 34. cxb7 Re4 $1 35. Rc1 Kh7 36. b8=Q $5 Qxb8
37. fxg4 Qh2 38. Rf3 Rxg4 39. b7 $4 ({Correct is} 39. Rf2 $1 Rfg6 40. Bxd5 {
(Shirov) and White wins.}) 39... Rfg6 40. Rc2 $4 (40. b8=Q $1 Qxb8 41. Rf2 f4 {
and White only has a plus (Shirov).}) 40... Rxg2 $1 41. Qxg2 Rxg2 42. Rxg2 Qh1+
43. Kf2 Qb1 0-1

[Event "Linares"]
[Site "12"]
[Date "1994.??.??"]
[Round "13"]
[White "Karpov, Anatoly"]
[Black "Beliavsky, Alexander"]
[Result "1-0"]
[WhiteElo "2740"]
[BlackElo "2650"]
[Annotator "JvR"]
[PlyCount "39"]
[EventDate "1994.??.??"]

1. d4 Nf6 2. Nf3 d5 3. c4 e6 4. g3 Be7 5. Bg2 O-O 6. O-O dxc4 7. Qc2 a6 8. a4
Bd7 9. Qxc4 Bc6 10. Bg5 Bd5 11. Qd3 c5 12. Nc3 cxd4 $5 13. Nxd5 Qxd5 $2 ({
Correct is} 13... Nxd5 14. Bxe7 Qxe7 15. Nxd4 {(Hübner-Karpov, Tilburg 1979).})
14. h4 $1 {Karpov had prepared this novelty for a match against Korchnoi
twenty years ago.} Nbd7 ({He had found in 1974} 14... Nc6 15. Bxf6 Bxf6 16. Ng5
$1) 15. Nxd4 Qd6 16. Rfd1 $1 Nc5 17. Qc4 Rfd8 18. b4 $1 {The queenside attack
becomes devastating.} Nxa4 $2 ({A final chance gives} 18... Nce4 $1 19. Bxf6
Nxf6 20. Bxb7 Rab8 {(Karpov), but White keeps the extra pawn in} 21. Nc2 $1
Qxd1+ 22. Rxd1 Rxd1+ 23. Kh2) 19. Qb3 Qb6 20. e3 {Karpov scored a tournament
rating of 2985!} 1-0

[Event "Linares"]
[Site "12"]
[Date "1994.??.??"]
[Round "13"]
[White "Kasparov, Gary"]
[Black "Lautier, Joel"]
[Result "0-1"]
[WhiteElo "2805"]
[BlackElo "2625"]
[Annotator "JvR"]
[PlyCount "58"]
[EventDate "1994.??.??"]

1. e4 e5 2. Nf3 Nc6 3. Bc4 Bc5 4. c3 Nf6 5. d3 d6 6. Bb3 h6 7. h3 a6 8. Nbd2
Be6 9. Bc2 $6 Ba7 $6 {They start passively.} 10. Qe2 Qe7 11. b4 d5 12. a4 b5
13. O-O O-O 14. axb5 axb5 15. d4 $6 ({Better is} 15. Ba3 d4 16. c4) 15... exd4
16. e5 dxc3 17. exf6 Qxf6 18. Nb3 Nxb4 19. Bb1 d4 $6 ({The complications of} 
19... Bxh3 $1 20. gxh3 c2 21. Bxc2 Nxc2 22. Qxc2 Qxf3 {favour Black.}) 20. Rxa7
$6 ({A promising defence gives} 20. Ba3 $1 d3 21. Bxd3 Nxd3 22. Bxf8 Nf4 23.
Qxb5 Nxh3+ 24. Kh1 Nxf2+ {(Lautier)} 25. Kg1 $1 Bh3) 20... c2 $5 21. Rxa8
cxb1=Q 22. Rxf8+ Kxf8 {The crucial position.} 23. Qxb5 $2 ({Great resistance
is offered by} 23. Bg5 $3 Qfg6 $1 24. Qxb5 {(Lautier). Black gains a plus with}
Kg8 $1) 23... Qxb3 24. Qb8+ Ke7 25. Qxc7+ Ke8 26. Bd2 Qd8 27. Qe5 Kf8 28. Nxd4
Nd3 29. Qe3 Qc4 {Kasparov lost his second game in the tournament.} 0-1

[Event "Linares"]
[Site "12"]
[Date "1994.??.??"]
[Round "13"]
[White "Shirov, Alexei"]
[Black "Anand, Viswanathan"]
[Result "1/2-1/2"]
[WhiteElo "2705"]
[BlackElo "2715"]
[Annotator "JvR"]
[PlyCount "67"]
[EventDate "1994.??.??"]

1. d4 d5 2. c4 c6 3. Nc3 Nf6 4. Nf3 e6 5. Bg5 h6 6. Bxf6 Qxf6 7. Qb3 dxc4 8.
Qxc4 Nd7 9. g3 Qe7 10. Bg2 Qb4 11. Nd2 $2 Qxb2 $1 12. Rb1 Qa3 13. O-O Nb6 14.
Qd3 Be7 15. Nc4 Qa6 $6 16. Ne5 $6 ({Interesting is} 16. Nd6+ $1 Bxd6 17. Qxa6
bxa6 18. Rxb6 $1 axb6 19. Bxc6+ Ke7 20. Bxa8 {(Anand).}) 16... Qxd3 17. Nxd3
O-O 18. a4 Rd8 19. a5 $6 Nc4 20. a6 b6 21. Bxc6 Rb8 22. Ne5 Bxa6 23. Nb5 Nxe5
24. dxe5 Rd2 $1 25. Nxa7 Bc5 $2 ({Correct is} 25... Bxe2 26. Rfc1 Ba3) 26. Rfc1
$1 Rbd8 27. e3 g5 28. Nb5 Bxb5 29. Bxb5 R2d5 30. Bc6 Rxe5 31. Rd1 Rc8 32. Bf3
Kg7 33. Rd7 Rf5 34. Be4 {Final result: Karpov 11, Kasparov and Shirov 8 1/2.}
1/2-1/2

[Event "Linares"]
[Site "13"]
[Date "1995.??.??"]
[Round "4"]
[White "Lautier, Joel"]
[Black "Ivanchuk, Vassily"]
[Result "0-1"]
[WhiteElo "2655"]
[BlackElo "2700"]
[Annotator "JvR"]
[PlyCount "76"]
[EventDate "1995.??.??"]

{The tournament became a race between Ivanchuk and Karpov. Their twelve wins
and two selected draws have been analysed.  Jan van Reek.} 1. c4 e5 2. Nc3 Nc6
3. Nf3 Bb4 4. g3 Bxc3 5. bxc3 d6 6. d4 $1 e4 7. Nd2 f5 8. Bg2 Nf6 9. f3 O-O 10.
O-O exf3 $5 11. Nxf3 h6 $6 {Black wastes time.} 12. Qd3 Rb8 13. d5 $6 {White
loses control over the centre.} Ne7 14. Be3 b6 15. Bd4 Ng6 16. Nd2 Ng4 17. Bh3
$6 (17. Rae1 Bd7 18. e4 {fights back.}) 17... Qg5 18. Bxg4 Qxg4 19. Rf2 Bd7 20.
Raf1 Rbe8 21. e3 h5 22. Qe2 Qxe2 23. Rxe2 f4 $1 {Black worsens the hostile
pawn structure.} 24. Rff2 fxg3 25. hxg3 c5 26. dxc6 Bxc6 27. Rxf8+ Nxf8 28. Rh2
g6 29. g4 $6 hxg4 30. Kf2 Re7 31. Rh8+ Kf7 32. Kg3 Bd7 33. Rh1 Ke8 34. Rf1 Rh7
35. Ne4 Rh3+ 36. Kg2 $2 (36. Kf2 {prolongs the game.}) 36... Bc6 $1 37. Rf4 g5
38. Rxg4 Rh4 0-1

[Event "Linares"]
[Site "13"]
[Date "1995.??.??"]
[Round "5"]
[White "Karpov, Anatoly"]
[Black "Short, Nigel"]
[Result "1-0"]
[WhiteElo "2780"]
[BlackElo "2655"]
[Annotator "JvR"]
[PlyCount "103"]
[EventDate "1995.??.??"]

1. d4 d5 2. c4 dxc4 3. Nf3 a6 4. e3 Nf6 5. Bxc4 e6 6. O-O c5 7. Bd3 cxd4 8.
exd4 Be7 9. Nc3 b5 10. a4 b4 11. Ne4 Bb7 12. Qe2 O-O 13. Rd1 $5 Nbd7 14. Ned2
a5 15. Bb5 Nb6 16. Nb3 Bd5 17. Nc5 Nbd7 18. Be3 Ra7 $2 ({The equality is kept
by} 18... Nxc5 19. dxc5 Qc7 {(Karpov).}) 19. Ne5 Nb8 $6 (19... Nb6 {is
preferable (Karpov).}) 20. Bf4 Ne8 21. Rd3 Bg5 22. Bxg5 Qxg5 23. Rg3 Qe7 24.
Qh5 f5 25. Rh3 Nf6 26. Qh4 g6 27. Re3 Rd8 28. f3 Rc7 29. Rae1 Nh5 30. Qxe7 Rxe7
31. Kf2 Ng7 32. g4 Rc7 33. Rc1 g5 34. Ree1 h5 35. h3 fxg4 36. fxg4 Rf8+ 37. Ke3
Rf4 38. Rf1 Rxf1 39. Rxf1 Nc6 40. Bxc6 Bxc6 41. Rf6 hxg4 42. hxg4 Bd5 43. Rg6
Rc8 44. Rxg5 Rf8 45. Ncd3 Kh7 46. Nf4 Bb3 47. Nd7 Rf7 48. Nc5 Bd1 49. Ne4 Rf8
50. Nf2 Bxa4 51. Rxa5 Bc6 52. Ra7 1-0

[Event "Linares"]
[Site "13"]
[Date "1995.??.??"]
[Round "6"]
[White "Sokolov, Ivan"]
[Black "Karpov, Anatoly"]
[Result "0-1"]
[WhiteElo "2645"]
[BlackElo "2780"]
[Annotator "JvR"]
[PlyCount "90"]
[EventDate "1995.??.??"]

1. d4 Nf6 2. Nf3 e6 3. Bg5 h6 4. Bh4 c5 5. e3 cxd4 6. exd4 Be7 7. Bd3 O-O 8. c3
b6 9. Qe2 Bb7 10. Nbd2 Nc6 11. Bxf6 $5 Bxf6 12. O-O-O $5 {Short shows ambition.
} g6 13. h4 Bg7 14. Kb1 Ne7 $1 15. Ne4 $6 ({Preferable is} 15. Ba6) 15... Nd5
16. Qd2 $2 (16. Nd6 $1 Bc6 17. Ne5 Qc7 18. Nb5 Bxb5 19. Bxb5 {exchanges the
bold bishop.}) 16... d6 17. Bc2 $6 Rc8 18. Rde1 Re8 19. Rh3 b5 20. h5 f5 $1 21.
hxg6 $5 ({Karpov analyses} 21. Rg3 $6 fxe4 22. Rxg6 exf3 23. Qxh6 Qe7 $1 ({his
} 23... Rc7 $2 24. gxf3 {gives chances to White}) 24. gxf3 Kf8 $1 25. Qh7 Nf6 {
wins for Black.}) 21... fxe4 22. Bxe4 Qf6 23. Nh2 b4 24. Ng4 Qg5 25. Qxg5 hxg5
26. Nh6+ $1 Bxh6 27. Rxh6 Bc6 28. Rh7 ({Or} 28. Reh1 $2 Nxc3+ $1 29. bxc3 Bxe4+
) 28... a5 29. c4 Nf4 $1 {Black has achieved a won position.} 30. Bxc6 Rxc6 31.
b3 d5 32. cxd5 Nxd5 33. Reh1 Rec8 34. g4 R8c7 35. Rh8+ Kg7 36. R1h7+ Kf6 $1 ({
Not} 36... Kxg6 $2 37. Rh6+ Kf7 38. R6h7+ {and perpetual check (Stohl).}) 37.
Rh1 Nf4 38. Rf8+ Kxg6 39. Rg8+ Kf6 40. Rf8+ Kg7 41. Rfh8 Ng6 42. Ra8 Rf7 43.
Rxa5 Rf4 44. Rd1 Kf6 45. Rb5 Ne7 $1 0-1

[Event "Linares"]
[Site "13"]
[Date "1995.??.??"]
[Round "7"]
[White "Beliavsky, Alexander"]
[Black "Ivanchuk, Vassily"]
[Result "0-1"]
[WhiteElo "2650"]
[BlackElo "2700"]
[Annotator "JvR"]
[PlyCount "75"]
[EventDate "1995.??.??"]

1. d4 f5 2. g3 Nf6 3. Bg2 g6 4. Nc3 d5 5. Bg5 c6 6. f3 $5 Qb6 7. e4 $5 (7. Na4
{drew in Hanks-Ozols, Melbourne 1982.}) 7... fxe4 ({The greedy} 7... Qxb2 $6 8.
Nge2 {would be dangerous for Black (Cvetkovic).}) 8. fxe4 dxe4 9. Nge2 $1 {
White has to complete his development before he can regain the centre pawn.}
Bf5 10. h3 Nbd7 11. Qd2 $5 O-O-O 12. O-O-O Ne5 13. Na4 Qa6 14. Nec3 $1 Nf7 15.
Nc5 $1 Qb6 16. Kb1 {The king moves from the diagonal c1-h6.} Nxg5 17. Qxg5 h5
18. Bxe4 Nxe4 19. N3xe4 Bh6 $1 {Black sacrifices a pawn.} 20. Qxe7 Qc7 21.
Qxc7+ Kxc7 22. Nc3 Be3 23. Rde1 $2 (23. Ne2 Rhe8 24. Na4 {reorganises.}) 23...
Rde8 $1 24. Nb3 Bf2 $1 25. Rxe8 Rxe8 26. g4 hxg4 27. hxg4 Bxg4 {Black did not
want to gain a centre but a kingside pawn.} 28. Rh7+ Kd6 29. a4 Re7 30. Rh2 Be3
31. a5 Bf5 32. Ne2 Kd5 $1 33. Nc3+ Kc4 34. Re2 Bg5 35. Rg2 Bf4 36. Ka2 g5 37.
Rf2 b6 38. Ka3 {White overstepped the time limit.} 0-1

[Event "Linares"]
[Site "13"]
[Date "1995.??.??"]
[Round "7"]
[White "Karpov, Anatoly"]
[Black "Khalifman, Alexander"]
[Result "1-0"]
[WhiteElo "2780"]
[BlackElo "2635"]
[Annotator "JvR"]
[PlyCount "81"]
[EventDate "1995.??.??"]

1. d4 Nf6 2. c4 g6 3. Nf3 Bg7 4. g3 c5 5. Bg2 Qa5+ 6. Nc3 Ne4 7. Bd2 Nxd2 8.
Qxd2 O-O 9. e3 d6 10. O-O Nc6 11. h3 cxd4 $5 12. Nxd4 Bd7 13. Rfd1 Nxd4 $5 14.
exd4 Bc6 15. Nd5 Qd8 $1 16. Rac1 Rc8 17. h4 Qd7 18. b3 Rfd8 19. a4 Bxd5 (19...
e6 $1 20. Ne3 Bxg2 21. Kxg2 d5 {solves all problems.}) 20. Bxd5 b6 21. a5 e6
22. Bf3 b5 23. d5 $1 bxc4 24. dxe6 Qxe6 $6 ({Better is} 24... fxe6 25. Rxc4 (
25. bxc4 $6 Rc5) 25... d5 $1) 25. bxc4 Qf5 $1 ({Not} 25... Rxc4 26. Bd5 $1) 26.
Kg2 Bf6 27. a6 h5 28. Re1 Rc5 29. Bd5 Rb8 30. Rc2 Kg7 31. Be4 Qd7 32. Bb7 Qc7
33. Qd3 Rd8 34. Bd5 $5 Qa5 $5 35. Rb1 $5 Qxa6 $5 36. Rb7 Rf8 37. Re2 {Both
players have chosen sharp moves.} Ra5 $2 ({Best is} 37... Qa5 $1 38. Re6 $1 Rc7
39. Rxf6 $1 Kxf6 40. Qd4+ Ke7 {Karpov regards this position as equal, but} 41.
Rb1 $1 Rc5 42. Qg7 Qd8 43. Re1+ Kd7 44. Be6+ $1 Kc6 45. Bxf7 Re5 46. Bd5+ Kc5
47. Rxe5 dxe5 48. Qxa7+ Kb4 49. Qb7+ Kc3 50. Qa6 Qe7 51. f3 {keeps the attack
going.}) 38. Re3 $1 Ra1 39. Rf3 Re1 40. Rxf6 $1 Kxf6 41. Qf3+ (41. Qf3+ Kg7 42.
Rxf7+ Rxf7 43. Qxf7+ Kh6 44. Qf8+ Kh7 45. Qg8+ Kh6 46. Qh8#) 1-0

[Event "Linares"]
[Site "13"]
[Date "1995.??.??"]
[Round "8"]
[White "Ivanchuk, Vassily"]
[Black "Ljubojevic, Ljubomir"]
[Result "1-0"]
[WhiteElo "2700"]
[BlackElo "2580"]
[Annotator "JvR"]
[PlyCount "71"]
[EventDate "1995.??.??"]

1. c4 e5 2. Nc3 Nc6 3. Nf3 f5 4. d4 e4 5. Ng5 Nf6 6. Nh3 Bb4 7. e3 Ne7 $5 8.
Bd2 Bxc3 9. Bxc3 d5 10. Nf4 c6 11. b3 Ng6 12. Be2 Nxf4 13. exf4 e3 $5 14. f3 $1
Nh5 15. Qd3 Qh4+ $6 {Ljubojevic starts great complications in a risky line.} ({
Better is} 15... O-O 16. g3 Re8) 16. g3 Nxg3 17. Qxe3+ Ne4+ 18. Kf1 Qh3+ 19.
Kg1 g5 $1 {Ljubojevic shows a magnificent idea.} 20. fxg5 $1 (20. Bf1 $5 gxf4
21. Bxh3 fxe3 22. fxe4 dxe4 {leads to great complications.}) 20... Rg8 21. Bf1
Qh4 22. Be1 {Ivanchuk wants a solid plus.} Qxg5+ 23. Qxg5 Nxg5 24. Kf2 f4 $6
25. h4 Ne6 26. Bc3 Kf7 $6 {Black has moved from a poor to a lost position by
small inaccuracies.} ({Better is} 26... Bd7) 27. Bd3 Rg7 28. Rae1 Bd7 29. Re5
Rag8 ({No use has} 29... dxc4 {due to} 30. d5 cxd3 31. dxe6+ Bxe6 32. Rxe6 $1)
30. Rh2 Rg3 $6 31. cxd5 cxd5 32. Bxh7 Rxf3+ 33. Kxf3 Rg3+ 34. Kf2 Rxc3 35. Rg2
Nxd4 36. Rxd5 1-0

[Event "Linares"]
[Site "13"]
[Date "1995.??.??"]
[Round "8"]
[White "Lautier, Joel"]
[Black "Karpov, Anatoly"]
[Result "0-1"]
[WhiteElo "2655"]
[BlackElo "2780"]
[Annotator "JvR"]
[PlyCount "80"]
[EventDate "1995.??.??"]

1. d4 Nf6 2. c4 e6 3. Nc3 Bb4 4. Qc2 O-O 5. a3 Bxc3+ 6. Qxc3 b6 7. Bg5 Bb7 8.
e3 d6 9. f3 Nbd7 10. Bd3 c5 11. Ne2 Rc8 12. Qb3 h6 13. Bh4 cxd4 14. exd4 d5 15.
c5 $2 {White will get little joy from his novelty.} Ba8 16. Ba6 Rc7 17. Bg3
bxc5 $1 {Black brings a fine positional sacrifice.} 18. Bxc7 Qxc7 19. Qc3 {
White protects his weaknesses.} e5 $1 {Karpov opens the centre for his troops.}
20. Bd3 $2 (20. dxc5 $1 d4 21. Qd2 Nxc5 {(Karpov)} 22. Bc4 $1 Nd5 23. Bxd5 Bxd5
24. Nc1 {offers more resistance.}) 20... exd4 21. Nxd4 Re8+ $1 {Black gains a
big positional advantage.} 22. Kf1 Qb6 23. Nf5 d4 24. Qd2 Ne5 25. Re1 Re6 26.
Bb1 Bb7 27. Kf2 d3 28. Rhf1 c4+ 29. Kg3 Nh5+ 30. Kh3 Ng6 $1 31. g3 Bc8 32. Re4
Qc5 33. g4 {Karpov makes a lot of fun at the end of the game.} Ngf4+ $1 34.
Rxf4 Re2 35. Qc1 Nxf4+ 36. Qxf4 Bxf5 37. gxf5 Rxb2 38. Re1 Qf2 39. Qg3 Qxg3+
40. hxg3 Rxb1 $1 {The passed pawn will queen.  Ivanchuk and Karpov have both
won four games and drew the rest.} 0-1

[Event "Linares"]
[Site "13"]
[Date "1995.??.??"]
[Round "9"]
[White "Karpov, Anatoly"]
[Black "Ivanchuk, Vassily"]
[Result "1/2-1/2"]
[WhiteElo "2780"]
[BlackElo "2700"]
[Annotator "JvR"]
[PlyCount "102"]
[EventDate "1995.??.??"]

1. d4 f5 2. g3 Nf6 3. Bg2 d6 4. Nc3 d5 $5 5. Bg5 e6 6. e3 c5 7. Nf3 Be7 8. Ne2
Qa5+ 9. c3 Nc6 10. Nf4 O-O 11. O-O Rd8 12. Nd3 c4 13. Nde5 h6 14. Bxf6 Bxf6 15.
Re1 Rb8 16. h3 Qc7 17. Nxc6 bxc6 $1 {Black has equalised the game.} 18. b3 cxb3
19. axb3 c5 20. Re2 $1 {The battle switches to the queenside.} Qb6 21. Ra3 Rd7
22. dxc5 Qxc5 23. b4 Qe7 24. Nd4 $1 Rc7 25. Rea2 Rbb7 26. Qd3 Bd7 27. Ra5 Kh8
28. R2a3 Be8 29. Bf1 Rb6 30. Qd2 h5 31. Qa2 h4 $5 32. Rxa7 hxg3 33. Rxc7 $2 ({
White should win a pawn by} 33. fxg3 Be5 34. Kg2) 33... gxf2+ $1 34. Kg2 $5
Qxc7 35. Ra8 Bd8 $1 36. Qa7 Qd6 37. Nxe6 $2 {This pawn win leads to trouble.}
Qxe6 38. Rxd8 Qe4+ 39. Kh2 ({The desired} 39. Kxf2 $4 {fails due to} Qh4+ {So
White has misplaced his rook.}) 39... Qe5+ 40. Kg2 Qe4+ 41. Kh2 Qe5+ 42. Kg2
Rg6+ $1 43. Kxf2 f4 $2 {Ivanchuk misses the win.} ({He overlooks} 43... Qg3+ $1
44. Ke2 Re6 45. Kd2 Qf2+ 46. Be2 Kh7 $1 {(Ftacnik).}) 44. Rxe8+ $1 Qxe8 45.
exf4 Qd8 46. Bd3 Qh4+ 47. Ke2 Re6+ 48. Kd1 Qe1+ 49. Kc2 Re2+ $1 50. Bxe2 Qxe2+
51. Kb3 Qd1+ 1/2-1/2